Paroles/punchline de Nepal : retrouve le son - Statistiques

Statistiques générales
  • Ce quiz a été pris 251 fois
  • Le résultat moyen est 6 sur 12
Statistiques - réponses
Paroles Titre de la musique % Correct
Vis au moins ta vie, mon gros, si tu vis pas tes textes Sundance
78%
Bonne action lundi, pas pour être pute les autres jours de la s'maine Trajectoire
75%
J'suis dans une faille temporelle J'mets des joggings depuis trois piges Rien d'spécial
73%
Quand elles ont tout elles prennent, quand elles ont R elles turn Babylone
68%
J'deviens fou comme un président philippin, tu peux commencer aveugle et finir peintre Daruma
67%
Un trajet long comme le blaze d'un malgache Toucher l'horizon mais tu touches rien à part le SMIC Skyclub
48%
Fidèle à mes blancs, mes noirs et à ma matière grise À la mémoire d'Salimo également Malik Al Mawt
45%
La sape est basique ou très rare, moi pas comprendre EA7 Niveau 1
41%
Spankbang ouvert, navigation privée sur l’tec Un mouvement suspect, poubelle Insomnie
24%
J’suis dans ton veau-cer, Durden Tyler, R.E.P Alicia Tyler Deadpornstars
20%
À toi tout seul t'es une rumeur, un lunatique, un sage poète Entre "¿ Cómo está ?" et "Vatch fouder" Oxmose
19%
J'bute le suspense On va envoyer des EPs jusqu'à plus d'sp.... Faute de time
11%
Aucun quiz correspondant
Distribution des résultats
% des personnes avec chaque résultat
Percentile par nombre de réponses
Votre historique - résultats
Vous n’avez pas pris ce quiz